Applied human factors in aviation maintenance (Record no. 291129)
[ view plain ]
| 000 -LEADER | |
|---|---|
| fixed length control field | 00453 a2200157 4500 |
| 001 - CONTROL NUMBER | |
| control field | 56056 |
| 003 - CONTROL NUMBER IDENTIFIER | |
| control field | NUST |
| 005 - DATE AND TIME OF LATEST TRANSACTION | |
| control field | 20180118200445.0 |
| 008 - FIXED-LENGTH DATA ELEMENTS--GENERAL INFORMATION | |
| fixed length control field | 180118b xxu||||| |||| 00| 0 eng d |
| 020 ## - INTERNATIONAL STANDARD BOOK NUMBER | |
| International Standard Book Number | 9780754619406 |
| 082 ## - DEWEY DECIMAL CLASSIFICATION NUMBER | |
| Classification number | 629.1346 PAT |
| 100 ## - MAIN ENTRY--PERSONAL NAME | |
| Personal name | Patankar, Manoj S. |
| -- | Taylor, JAmes C. |
| 9 (RLIN) | 9013 |
| 245 ## - TITLE STATEMENT | |
| Title | Applied human factors in aviation maintenance |
| Statement of responsibility, etc. | Manoj S. Patankar |
| 260 ## - PUBLICATION, DISTRIBUTION, ETC. | |
| Place of publication, distribution, etc. | England |
| Name of publisher, distributor, etc. | Aero |
| Date of publication, distribution, etc. | 2004 |
| 300 ## - PHYSICAL DESCRIPTION | |
| Extent | xiv, 154 p. ; ill; Hb |
| 600 ## - SUBJECT ADDED ENTRY--PERSONAL NAME | |
| Personal name | James C Taylor |
| 9 (RLIN) | 9014 |
| 740 ## - ADDED ENTRY--UNCONTROLLED RELATED/ANALYTICAL TITLE | |
| Uncontrolled related/analytical title | aviation maintenance |
| 942 ## - ADDED ENTRY ELEMENTS (KOHA) | |
| Institution code [OBSOLETE] | NUST-CAE |
| Call number prefix | 629.1346 PAT |
| Koha item type | Book |
| Source of classification or shelving scheme | |
| Withdrawn status | Lost status | Damaged status | Not for loan | Collection code | Permanent Location | Current Location | Date acquired | Total Checkouts | Full call number | Barcode | Date last seen | Price effective from | Koha item type |
|---|---|---|---|---|---|---|---|---|---|---|---|---|---|
| College of Aeronautical Engineering (CAE) | College of Aeronautical Engineering (CAE) | 04/03/2017 | 629.1346 PAT | CAE79935 | 04/05/2017 | 04/05/2017 | Book |
